Central Library OPAC University of Rajshahi

Personality in Japanese history / (Record no. 33802)

MARC details
000 -LEADER
fixed length control field 01193nam a2200313 4500
001 - CONTROL NUMBER
control field 33802
003 - CONTROL NUMBER IDENTIFIER
rucl marc code BD-RjUL
005 - DATE AND TIME OF LATEST TRANSACTION
control field 20211209052048.0
008 - FIXED-LENGTH DATA ELEMENTS--GENERAL INFORMATION
fixed length control field 140511s1970 cau b 001 0ceng d
020 ## - INTERNATIONAL STANDARD BOOK NUMBER
International Standard Book Number 0520016998
035 ## - SYSTEM CONTROL NUMBER
System control number (BD-RjUL)33893
040 ## - CATALOGING SOURCE
Original cataloging agency DLC
Transcribing agency DLC
Modifying agency DLC
-- BD-RjUL
Language of cataloging eng
041 ## - LANGUAGE CODE
Language code of text/sound track or separate title eng
082 00 - DEWEY DECIMAL CLASSIFICATION NUMBER
Classification number 952.0099
Author mark and year PER 1970
245 00 - TITLE STATEMENT
Title Personality in Japanese history /
Statement of responsibility, etc. Introduced and edited by Albert M. Craig and Donald H. Shively.
260 ## - PUBLICATION, DISTRIBUTION, ETC. (IMPRINT)
Place of publication, distribution, etc. Berkeley :
Name of publisher, distributor, etc. University of California Press,
Date of publication, distribution, etc. 1970.
300 ## - PHYSICAL DESCRIPTION
Pagination x, 481 p. ;
Size 24 cm.
350 ## - PRICE (NR) (BK AM CF MU VM SE) [OBSOLETE]
Price $8.75
500 ## - GENERAL NOTE
General note "Published under the auspices of the Center for Japanese and Korean Studies, University of California, Berkeley."
504 ## - BIBLIOGRAPHY, ETC. NOTE
Bibliography, etc Includes bibliographical references. and Index
651 #0 - SUBJECT ADDED ENTRY--GEOGRAPHIC NAME
Geographic name Statesmen
General subdivision Japan
-- Biography.
9 (RLIN) 102645
Geographic name Japan
General subdivision Politics and government
Chronological subdivision 1600-1868.
9 (RLIN) 102646
700 1# - ADDED ENTRY--PERSONAL NAME
Personal name Craig, Albert M.,
Relator term ed.
Personal name Shively, Donald H.
Fuller form of name (Donald Howard),
Dates associated with a name 1921-
Relator term ed.
710 2# - ADDED ENTRY--CORPORATE NAME
Corporate name or jurisdiction name as entry element University of California, Berkeley.
Subordinate unit Center for Japanese and Korean Studies.
9 (RLIN) 102647
942 ## - ADDED ENTRY ELEMENTS (KOHA)
Source of classification or shelving scheme Dewey Decimal Classification
Koha item type Books
Holdings
Lost status Source of classification or shelving scheme Damaged status Not for loan Collection code Permanent Location Current Location Shelving location Date acquired Source of acquisition Cost, normal purchase price Total Checkouts Full call number Date last seen Copy number Koha item type
  Dewey Decimal Classification   Not For Loan Non-fiction Central Library, University of Rajshahi Central Library, University of Rajshahi Reading Room 24/04/1979 Japan Fundation Fift 0.00   952.0099 PER 1970 11/05/2014 C-1 Books